| 000 | 00523nam a2200193Ia 4500 | ||
|---|---|---|---|
| 003 | OSt | ||
| 005 | 20250207110337.0 | ||
| 008 | 210210b1984 xxu||||| |||| 00| 0 eng d | ||
| 040 | _cAL | ||
| 041 | _aKannada | ||
| 082 | _aK894.3 PADO | ||
| 100 |
_aPADMAJE (K R). _dಪದ್ಮಜೆ (ಕೆ ಆರ್) _9198302 |
||
| 245 |
_aOlavina huvu. _bಒಲವಿನ ಹೂವು |
||
| 260 |
_aBengaluru _bPrakasha Sahitya _c1984 |
||
| 300 | _aiv,172 | ||
| 690 |
_aKannada Fiction _9198303 |
||
| 906 | _a044012 | ||
| 942 |
_2ddc _cBK |
||
| 999 |
_c93727 _d93727 |
||